=LDR 00000nam 2200000 4500 =001 INLIS000000000018951 =990 ##$$a 40600524 =005 20210126110224 =990 ##$$a 55.060/Pro.93 =035 ##$$a 0010-061300000018951 =990 ##$$a 40600527 =008 210126################g##########0#ind## =990 ##$$a 20609643 =041 ##$$a Ind =990 ##$$a 21004919 =082 ##$$a 334.095 98 =990 ##$$a 2070369 =090 ##$$a 334.095 98, Wid k =990 ##$$a 10606563 =100 ##$$a Widiyanti, Ninik =990 ##$$a 40600525 =245 1#$$a Koperasi dan perekonomian Indonesia /$c Ninik Widiyanti, Y.W Sunindhia =990 ##$$a 00092561 =260 ##$$a Jakarta :$b Rineka Cipta,$c 2003 =990 ##$$a 10606565 =990 ##$$a 10606562 =300 ##$$a viii, 239 hlm ; $c 21 x 14 cm. =650 #4$$a Koperasi - Perekonomian Indonesia =700 #$$a Sunindhia, Y. W =850 ##$$a NBPNMAT =020 ##$$a 979-518-263-3 =084 ##$$a 334.095 98 WID k =250 ##$$a cet. 4 =520 ##$$a Bibliografi hlm. 238-239 =990 ##$$a 55.060/Pro.93 =990 ##$$a 40600527 =990 ##$$a 20609643 =990 ##$$a 21004919 =990 ##$$a 2070369 =990 ##$$a 40600524 =990 ##$$a 10606563 =990 ##$$a 40600525 =990 ##$$a 00092561 =990 ##$$a 10606565 =990 ##$$a 10606562